000
00348 a2200169 4500
001
184922
020
_a
978-85-08-13062-7
040
_c
Magnum
100
_a
Campos, Paulo Mendes
240
1
0
_a
Crônicas i
_l
por
245
1
0
_a
Crônicas i
300
_a
98
362
0
_a
2011
440
1
_a
Ática
697
_a
LITERATURA JUVENIL
942
_c
BK
999
_c
184922
_d
184922